Eastern Utah Libraries Catalog: Duchesne, Heber, Roosevelt, & Vernal

A Royal Christmas / (Record no. 295533)

MARC details
000 -LEADER
fixed length control field 03567ngm a2200757Mi 4500
001 - CONTROL NUMBER
control field ocn965584511
003 - CONTROL NUMBER IDENTIFIER
control field OCoLC
005 - DATE AND TIME OF LATEST TRANSACTION
control field 20200320201750.0
007 - PHYSICAL DESCRIPTION FIXED FIELD--GENERAL INFORMATION
fixed length control field vd cvaizq
008 - FIXED-LENGTH DATA ELEMENTS--GENERAL INFORMATION
fixed length control field 141015s2014 nyu087 vleng d
020 ## - INTERNATIONAL STANDARD BOOK NUMBER
Terms of availability 15.95
024 1# - OTHER STANDARD IDENTIFIER
Standard number or code 883476145075
028 42 - PUBLISHER NUMBER
Publisher number HM4507
Source Hallmark Channel
035 ## - SYSTEM CONTROL NUMBER
System control number (OCoLC)965584511
040 ## - CATALOGING SOURCE
Original cataloging agency TDS
Language of cataloging eng
Description conventions rda
Transcribing agency TDS
Modifying agency WACOL
041 0# - LANGUAGE CODE
Language code of text/sound track or separate title eng
-- eng
043 ## - GEOGRAPHIC AREA CODE
Geographic area code e------
049 ## - LOCAL HOLDINGS (OCLC)
Holding library WACL
050 #4 - LIBRARY OF CONGRESS CALL NUMBER
Classification number PN1992.77
Item number .R69 2014
082 04 - DEWEY DECIMAL CLASSIFICATION NUMBER
Classification number 791.43/72
Edition number 23
092 ## - LOCALLY ASSIGNED DEWEY CALL NUMBER (OCLC)
Classification number DVD
Item number Roy
245 02 - TITLE STATEMENT
Title A Royal Christmas /
Statement of responsibility, etc Hallmark Channel presents ; a Brad Krevoy Television production ; produced by Amy Krell ; teleplay by Janeen Damian & Michael Damian and Neal Dobrofsky & Tippi Dobrofsky ; story by Janeen Damian & Michael Damian ; directed by Alex Zamm.
246 3# - VARYING FORM OF TITLE
Title proper/short title Royal Christmas
246 3# - VARYING FORM OF TITLE
Title proper/short title Hallmark channel A royal Christmas
246 3# - VARYING FORM OF TITLE
Title proper/short title Hallmark channel holiday collection A royal Christmas
250 ## - EDITION STATEMENT
Edition statement Widescreen version.
264 #1 - Production, Publication, Distribution, Manufacture, and Copyright Notice.
Place of production, publication, distribution, manufacture [Place of publication not identified] :
Name of producer, publisher, distributor, manufacturer [Publisher not identified],
Date of production, publication, distribution, manufacture, or copyr [2014]
264 #2 - Production, Publication, Distribution, Manufacture, and Copyright Notice.
Place of production, publication, distribution, manufacture New York, NY :
Name of producer, publisher, distributor, manufacturer Hallmark Entertainment
300 ## - PHYSICAL DESCRIPTION
Extent 1 videodisc (87 min.) :
Other physical details sound, color ;
Dimensions 4 3/4 in.
336 ## - Content Type
Content type term two-dimensional moving image
337 ## - Media type
Media type term video
338 ## - Carrier type
Carrier type term videodisc
344 ## -
-- digital
-- optical
-- surround
-- Dolby Digital 5.1
-- rda
347 ## -
-- video file
-- DVD video
-- region 1
-- rda
538 ## - SYSTEM DETAILS NOTE
System details note DVD, widescreen; region 1; Dolby Digital 5.1.
546 ## - LANGUAGE NOTE
Language note Closed-captioned.
500 ## - GENERAL NOTE
General note TV tie-in.
588 ## -
-- Title from container.
511 1# - PARTICIPANT OR PERFORMER NOTE
Participant or performer note Lacey Chabert, Stephen Hagan, Jane Seymour, Katie Flynn, Simon Dutton, Mitchell Mullen, Katrina Nare, Kate Loustau.
508 ## - CREATION/PRODUCTION CREDITS NOTE
Creation/production credits note Music by Chris Hajian; edited by Heath Ryan, Chuck Norris; director of photography, Viorel Sergovici.
520 ## - SUMMARY, ETC.
Summary, etc Leo and Emily have been dating for quite some time when he proposes, and during his proposal, he confesses that he is actually Prince Leopold, Duke of Winterstone, and heir to the throne of a sovereign state bordering Switzerland. Leo's mother finds out that he has proposed to an American commoner and becomes outraged. In a series of events, she sabotages their courtship and does everything in her power to drive the couple apart. But will she succeed?
650 #4 - SUBJECT ADDED ENTRY--TOPICAL TERM
Topical term or geographic name as entry element English dialogue.
9 (RLIN) 5927614
650 #4 - SUBJECT ADDED ENTRY--TOPICAL TERM
Topical term or geographic name as entry element English subtitles.
9 (RLIN) 5745075
650 #0 - SUBJECT ADDED ENTRY--TOPICAL TERM
Topical term or geographic name as entry element Nobility
Geographic subdivision Europe
Form subdivision Drama.
9 (RLIN) 5927615
650 #0 - SUBJECT ADDED ENTRY--TOPICAL TERM
Topical term or geographic name as entry element Americans
Form subdivision Drama.
9 (RLIN) 5927616
650 #0 - SUBJECT ADDED ENTRY--TOPICAL TERM
Topical term or geographic name as entry element Mate selection
Form subdivision Drama.
9 (RLIN) 5927617
655 #0 - INDEX TERM--GENRE/FORM
Genre/form data or focus term Video recordings for the hearing impaired.
9 (RLIN) 5927618
655 #0 - INDEX TERM--GENRE/FORM
Genre/form data or focus term DVDs.
9 (RLIN) 5927619
655 #0 - INDEX TERM--GENRE/FORM
Genre/form data or focus term DVD-Video discs.
9 (RLIN) 5673658
655 #0 - INDEX TERM--GENRE/FORM
Genre/form data or focus term Videodiscs.
9 (RLIN) 5674338
655 #7 - INDEX TERM--GENRE/FORM
Genre/form data or focus term Made-for-TV movies.
Source of term lcgft
9 (RLIN) 5927620
655 #7 - INDEX TERM--GENRE/FORM
Genre/form data or focus term Christmas films.
Source of term lcgft
9 (RLIN) 5675361
655 #7 - INDEX TERM--GENRE/FORM
Genre/form data or focus term Feature films.
Source of term lcgft
9 (RLIN) 5927621
655 #7 - INDEX TERM--GENRE/FORM
Genre/form data or focus term Fiction films.
Source of term lcgft
9 (RLIN) 5674705
700 1# - ADDED ENTRY--PERSONAL NAME
Personal name Zamm, Alex,
Relator term film director.
9 (RLIN) 5740711
700 1# - ADDED ENTRY--PERSONAL NAME
Personal name Chabert, Lacey,
Dates associated with a name 1982-
Relator term actor.
9 (RLIN) 63886
700 1# - ADDED ENTRY--PERSONAL NAME
Personal name Hagan, Stephen,
Dates associated with a name 1985-
Relator term actor.
9 (RLIN) 5927622
700 1# - ADDED ENTRY--PERSONAL NAME
Personal name Seymour, Jane,
Dates associated with a name 1951-
Relator term actor.
9 (RLIN) 15049
710 2# - ADDED ENTRY--CORPORATE NAME
Corporate name or jurisdiction name as entry element Brad Krevoy Television (Firm),
Relator term production company.
9 (RLIN) 5777871
710 2# - ADDED ENTRY--CORPORATE NAME
Corporate name or jurisdiction name as entry element Hallmark Channel (Television network)
9 (RLIN) 5690645
710 2# - ADDED ENTRY--CORPORATE NAME
Corporate name or jurisdiction name as entry element Hallmark Entertainment (Firm)
9 (RLIN) 64960
942 ## - ADDED ENTRY ELEMENTS (KOHA)
Koha item type DVD
948 ## - LOCAL PROCESSING INFORMATION (OCLC); SERIES PART DESIGNATOR (RLIN)
Series part designator, SPT (RLIN) 12/09/2016
z (OCLC) Sirsi
994 ## -
-- C0
-- WACOL
996 ## -
-- 136963
-- 34301001371345
-- HOLDVD
-- DVD
-- wcl
-- i
-- 15
-- 15.95
-- amazon
-- Roy
-- 12/09/2016
-- 12/30/2019
-- 12/23/2019
Holdings
Withdrawn status Lost status Source of classification or shelving scheme Damaged status Not for loan Collection code Home library Current library Shelving location Date acquired Source of acquisition Cost, normal purchase price Total Checkouts Total Renewals Full call number Barcode Date last seen Date checked out Cost, replacement price Price effective from Koha item type
    Dewey Decimal Classification     Holiday Movies Wasatch County Library Wasatch County Library Audio Visual Area 12/09/2016 Amazon 15.95 29 16 DVD Roy 34301001371345 12/12/2025 12/05/2025 15.95 03/20/2020 DVD
This project was made possible through a grant from the Institute of Museum and Library Service administered by the Utah State Library Division.

Wasatch County Library

  • 465 East 1200 South, Heber City, Utah 84032
  • Phone 435-654-1511 | Fax 435-654-6456

Hours

  • Monday - Friday 9:30 AM - 8:00 PM
  • Saturday 9:30 AM - 1:30 PM
  • Closed Sundays and Holidays